Southville International School and Colleges
Your cart is empty.
  • Cart
  • Lists
    Public lists Eva Luna New books Lux_list list_1
    Your lists Log in to create your own lists
  • Log in to your account
  • Your cookies
  • Search history
Southville International School and Colleges
  • Advanced search
  • Recent comments
  • Most popular
  • Libraries

Log in to your account

Log in with GOOGLE


If you do not have an external account, but do have a local account, you can still log in:

  1. Home
  2. MARC view: Internet usage and study habits /
Normal view MARC view ISBD view

Internet usage and study habits / (Record no. 278592)

[ view plain ]
MARC details
000 -LEADER
fixed length control field 00575nam a2200181Ia 4500
003 - CONTROL NUMBER IDENTIFIER
control field 0
005 - DATE AND TIME OF LATEST TRANSACTION
control field 20250129120612.0
008 - FIXED-LENGTH DATA ELEMENTS--GENERAL INFORMATION
fixed length control field 150126s9999 xx 000 0 und d
050 ## - LIBRARY OF CONGRESS CALL NUMBER
Classification number PGS LB 1049.8
Item number .Ib12 2014
100 ## - MAIN ENTRY--PERSONAL NAME
Personal name Ibañez, Sancho.
245 ## - TITLE STATEMENT
Title Internet usage and study habits /
Statement of responsibility, etc Sancho Ibañez.
260 ## - PUBLICATION, DISTRIBUTION, ETC. (IMPRINT)
Place of publication, distribution, etc Las Piñas City, Philippines :
Name of publisher, distributor, etc Southville International School and Colleges,
Date of publication, distribution, etc 2014.
300 ## - PHYSICAL DESCRIPTION
Extent 30 p. :
Other physical details ill. ;
Dimensions 28 cm.
504 ## - BIBLIOGRAPHY, ETC. NOTE
Bibliography, etc Includes bibliographical references.
650 ## - SUBJECT ADDED ENTRY--TOPICAL TERM
Topical term or geographic name as entry element Study habits.
650 ## - SUBJECT ADDED ENTRY--TOPICAL TERM
Topical term or geographic name as entry element Internet use.
942 ## - ADDED ENTRY ELEMENTS (KOHA)
Source of classification or shelving scheme Library of Congress Classification
Koha item type PASS
Holdings
Withdrawn status Lost status Source of classification or shelving scheme Damaged status Home library Current library Shelving location Date acquired Source of acquisition Total Checkouts Full call number Barcode Date last seen Price effective from Koha item type
    Library of Congress Classification   Luxembourg Library Luxembourg Library Portfolio Assessment of SISC Students Section 02/06/2042 Donation   PGS LB 1049.8 .Ib12 2014 P3248 06/27/2016 01/26/2015 PASS

Internet usage and study habits /

APA

Ibañez S., . (2014). Internet usage and study habits. Las Piñas City, Philippines: Southville International School and Colleges.

Chicago

Ibañez Sancho, . 2014. Internet usage and study habits. Las Piñas City, Philippines: Southville International School and Colleges.

Harvard

Ibañez S., . (2014). Internet usage and study habits. Las Piñas City, Philippines: Southville International School and Colleges.

MLA

Ibañez Sancho, . Internet usage and study habits. Las Piñas City, Philippines: Southville International School and Colleges. 2014.

  • Print
  • Cite
  • Add to your cart (remove)
  • Save record
    BIBTEX Dublin Core MARCXML MARC (non-Unicode/MARC-8) MARC (Unicode/UTF-8) MARC (Unicode/UTF-8, Standard) MODS (XML) RIS
  • More searches
    Search for this title in:
    Other Libraries (WorldCat) Other Databases (Google Scholar) Online Stores (Bookfinder.com) Open Library (openlibrary.org)

Exporting to Dublin Core...

SOUTHVILLE LIBRARY

Southville International School and Colleges Library

1281 Tropical Ave. Cor. Luxembourg St., BF Homes International, Las Pinas City

Tel. No. 8256374 / 252358 Loc. 117/146

Powered by Koha